Sobre las cualidades que deben tener los diputados

Bibliographic Details
Main Author: Fernǹdez de Lizardi, Jos ̌Joaqun̕
Format: eBook
Language:Spanish
Published: Ciudad de Mx̌ico: Cm̀ara de Diputados, 2013
Subjects:
Online Access:Acceso restringido

MARC

LEADER 00000nam a22000007a 4500
005 20171026164314.0
007 cr|||| ||||
008 171026s2013 mx |||||s|||| 00||0 spa d
020 |a 978-84-15382-91-1 
035 |a 20757 
040 |a vLex 
090 |c 7153  |d 7153 
100 1 |a Fernǹdez de Lizardi, Jos ̌Joaqun̕ 
245 1 0 |a Sobre las cualidades que deben tener los diputados  |h [Recurso electrn̤ico] /  |c Jos ̌Joaqun̕ Fernǹdez de Lizardi  
256 |a Servicio en ln̕ea 
260 |a Ciudad de Mx̌ico:  |b Cm̀ara de Diputados,  |c 2013 
300 |a 1 recurso electrn̤ico (105p.) 
506 1 |a Disponible solo en los productos indicados  |d vLex Global  |d vLex Global (Academic Edition, excluding Law Schools)  |d vLex Global (U.S. Academic Edition, Law Schools)  |d vLex Global (U.S. Academic Edition, excluding Law Schools)  |d vLex Global (Academic Edition, Law Schools) 
650 0 4 |a Derecho constitucional  |z Mx̌ico 
740 0 |a vLex Libros (Servicio en ln̕ea) 
856 4 0 |u http://vlex.com/source/cualidades-deben-tener-diputados-20757  |z Acceso restringido 
942 |c BOOK 
999 0 |a Constitutional law